|
|
|
|
| LEADER |
00000nam2a2200000 4500 |
| 001 |
151210 |
| 005 |
20231101221537.0 |
| 020 |
|
|
|a RU
|b 85-61904
|
| 035 |
|
|
|a (RuTPU)RU\TPU\book\163945
|
| 035 |
|
|
|a RU\TPU\book\163939
|
| 090 |
|
|
|a 151210
|
| 100 |
|
|
|a 20090121g1985 m y0rusy5003 ca
|
| 101 |
0 |
|
|a rus
|
| 102 |
|
|
|a RU
|
| 105 |
|
|
|a y c 000ay
|
| 200 |
0 |
|
|a Т. 2. Пути Востока. Кавказ. Рассказы горной страны
|
| 210 |
|
|
|d 1985
|
| 215 |
|
|
|d 20 см
|a 542 с.
|c портр.
|
| 333 |
|
|
|a Исключено из фонда НТБ ТПУ
|
| 461 |
|
1 |
|0 (RuTPU)RU\TPU\book\163938
|t Собрание сочинений
|o В 7-ми т.
|f Н. С. Тихонов
|g под ред. Р. Гамзатова и др.
|v Т. 2. Пути Востока. Кавказ. Рассказы горной страны
|d 1985-
|
| 675 |
|
|
|a Р2
|z rus
|v 3
|
| 702 |
|
1 |
|a Гамзатов
|b Р. Г.
|c знаменитый аварский поэт, писатель, публицист, политический деятель
|f 1923-2003
|g Расул Гамзатович
|2 stltpush
|3 (RuTPU)RU\TPU\pers\23563
|9 10269
|
| 801 |
|
0 |
|a RU
|b RuMRKP
|c 19950704
|g psbo
|
| 801 |
|
1 |
|a RU
|b 63413507
|c 20090121
|g PSBO
|
| 801 |
|
2 |
|a RU
|b 63413507
|c 20221004
|g PSBO
|
| 942 |
|
|
|c BK
|